|
|
|
|
| LEADER |
00000nam a2200000 a 4500 |
| 001 |
vtls008940199 |
| 003 |
SK-MaSNL |
| 005 |
20260301080805.0 |
| 008 |
240318 000 0 eng |
| 020 |
|
|
|q (brož.)
|
| 040 |
|
|
|a SNK
|b slo
|c SNK
|e AACR2
|
| 100 |
1 |
|
|a Vojč, František
|4 aut
|9 403028
|
| 245 |
1 |
0 |
|a Prostriedky vzdušného napadnutia
|
| 250 |
|
|
|a [1. vyd.]
|
| 260 |
|
|
|a [S. l.]
|b Sväz pre spoluprácu s armádou
|c [1978]
|
| 999 |
|
|
|c 654113
|d 656043
|
| 952 |
|
|
|a SNK
|b SNK
|y VYP
|7 0
|p 17A0509221
|o snkSD 33997 D1
|i snk2007/2598
|8 1
|0 0
|1 0
|4 0
|d 2007-01-29
|l 0
|r 2026-02-23 18:32:10
|w 2026-02-23
|
| 952 |
|
|
|a SNK
|b SNK
|y PREZ
|7 0
|p 17A0842824
|o snkSD 33997
|0 0
|1 0
|4 0
|d 2013-08-09
|l 0
|r 2026-02-23 18:32:10
|w 2026-02-23
|